Dưỡng sinh, xoa bóp, khí công - phòng chữa bệnh Bí quyết kéo dài tuổi thọ
Tìm hiểu những kiến thức y học cổ truyền Phương Đông đối với cơ thể, nguyên nhân con người ốm đau, cùng những bí quyết của người xưa trong phòng và chữa bệnh để kéo dài tuổi thọ; Giới thiệu các phương pháp luyện tập, xoa bóp, day, bấm huyệt phòng chữa bệnh, khí công liệu pháp, đánh giá...
Đã lưu trong:
| 主要作者: | |
|---|---|
| 格式: | 圖書 |
| 語言: | Vietnamese |
| 出版: |
H.
Nxb. Hà Nội
2005
|
| 主題: | |
| 標簽: |
添加標簽
沒有標簽, 成為第一個標記此記錄!
|
| Thư viện lưu trữ: | Mạng thư viện Đại học Đà Nẵng |
|---|
| LEADER | 01958aam a22004698a 4500 | ||
|---|---|---|---|
| 001 | 000010071 | ||
| 003 | 6271 | ||
| 005 | 20111110141151.0 | ||
| 008 | 111110s2005 viesd | ||
| 020 | |c 21000đ |d 1040b | ||
| 041 | |a vie | ||
| 082 | 1 | 4 | |2 14 |a 615.8 |b DƯ-H |
| 084 | |a N354.1 | ||
| 084 | |b D000S | ||
| 084 | |a N358 | ||
| 100 | 0 | |a Dương Trọng Hiếu | |
| 245 | |a Dưỡng sinh, xoa bóp, khí công - phòng chữa bệnh |b Bí quyết kéo dài tuổi thọ |c Dương Trọng Hiếu | ||
| 260 | |a H. |b Nxb. Hà Nội |c 2005 | ||
| 300 | |a 170tr. |b hình vẽ |c 21cm | ||
| 504 | |a Thư mục: tr. 168-169 | ||
| 520 | |a Tìm hiểu những kiến thức y học cổ truyền Phương Đông đối với cơ thể, nguyên nhân con người ốm đau, cùng những bí quyết của người xưa trong phòng và chữa bệnh để kéo dài tuổi thọ; Giới thiệu các phương pháp luyện tập, xoa bóp, day, bấm huyệt phòng chữa bệnh, khí công liệu pháp, đánh giá | ||
| 650 | 7 | |2 Bộ TK TVQG |a Phòng bệnh | |
| 650 | 7 | |2 Bộ TK TVQG |a Luyện tập | |
| 650 | 7 | |2 Bộ TK TVQG |a Phương pháp | |
| 650 | 7 | |2 Bộ TK TVQG |a Điều trị | |
| 650 | 7 | |2 Bộ TK TVQG |a Xoa bóp | |
| 650 | 7 | |2 Bộ TK TVQG |a Đánh gió | |
| 650 | 7 | |2 Bộ TK TVQG |a Khí công | |
| 650 | 7 | |2 Bộ TK TVQG |a Y học dân tộc | |
| 650 | 7 | |2 Bộ TK TVQG |a Bấm huyệt | |
| 651 | 7 | |2 Bộ TK TVQG |a Phương Đông | |
| 910 | |a Nguyễn Thị Kim Oanh |d 10/11/2011 | ||
| OWN | |a LSP | ||
| AVA | |a UDN50 |b LSP |d 615.8 DƯ-H |e available |t Error 5001 Not defined in file expand_doc_bib_avail. |f 2 |g 0 |h N |i 0 |k 1 | ||
| 999 | |a From the UDN01 | ||
| AVA | |a UDN50 |b LSP |d 615.8 DƯ-H |e available |t Error 5001 Not defined in file expand_doc_bib_avail. |f 2 |g 0 |h N |i 0 |k 1 | ||
| TYP | |a Monograph | ||
| TYP | |a Printed language | ||
| 980 | |a Mạng thư viện Đại học Đà Nẵng | ||